Sports Quiz

Random Sports or Basketball Quiz

NBA & NFL #1 Drafts Quiz Stats

 Plays Quiz Updated Jun 22, 2018

Challenge
Share
Tweet
Embed
Score 0/11 Timer 03:00
0 Plays Today
College % Correct
Ohio State
76.6%
UCLA
76.4%
Michigan
76.4%
Oklahoma
66.1%
Louisiana State
55.1%
Michigan State
52.4%
Notre Dame
46.1%
Washington
41.1%
Kentucky
39.8%
Utah
30.6%
North Carolina State
24.4%

You're not logged in!

Compare scores with friends on all Sporcle quizzes.
OR
Log In

You Might Also Like...

Show Comments

Extras

Top Quizzes Today


Score Distribution

Your Account Isn't Verified!

In order to create a playlist on Sporcle, you need to verify the email address you used during registration. Go to your Sporcle Settings to finish the process.

Report this User

Report this user for behavior that violates our Community Guidelines.

Details: